Normal view
MARC view
- Sheheryar
Entry Personal Name
001 - CONTROL NUMBER
- control field: 120040
003 - CONTROL NUMBER IDENTIFIER
- control field: NUST
005 - DATE AND TIME OF LATEST TRANSACTION
- control field: 20240123101751.0
008 - FIXED-LENGTH DATA ELEMENTS
- fixed length control field: 240123|| aca||aabn | a|a d
040 ## - CATALOGING SOURCE
- Original cataloging agency: NUST
- Transcribing agency: NUST
100 ## - HEADING--PERSONAL NAME
- Personal name: Sheheryar
670 ## - SOURCE DATA FOUND
- Source citation: Work cat.: (NUST): Sheheryar, Traffic Scheduling and Trajectory Optimization of RIS-assisted UAV-based IoT Network/
